000 00277nam a22001337a 4500
008 171005b xxu||||| |||| 00| 0 eng d
020 _a0870849352
041 _aeng
080 _a159.9
100 _a49
101 _aPSI
245 _aHOMICIDE
_cWILSON,A.V
942 _2udc
_cBK
999 _c32126
_d32126